| 000 | 00905nam a2200229 a 4500 | ||
|---|---|---|---|
| 001 | 71302 | ||
| 003 | BD-RjUL | ||
| 005 | 20211209082111.0 | ||
| 008 | 170502s1944 ii a|||| |||| 00| | ben d | ||
| 035 | _a(BD-RjUL)71518 | ||
| 040 |
_aBD-RjUL _bben _cBD-RjUL |
||
| 041 | _aben | ||
| 082 |
_223 _a355.82 _bBAJ 1944 |
||
| 100 | 1 |
_aবন্দ্যোপাধ্যায়, দিগিন্দ্রচন্দ্র _9210984 |
|
| 245 | 1 | 0 |
_aযুদ্ধ ও মারণাস্ত্র / _cদিগিন্দ্রচন্দ্র বন্দ্যোপাধ্যায় |
| 250 | _a৩য় সং. | ||
| 260 |
_aকলিকাতা : _bমিত্র এণ্ড ঘোষ, _c১৯৮৮ |
||
| 300 |
_a১৯৮ পৃ. : _bচিত্র ; _c১৯ সেমি. |
||
| 650 |
_aযুদ্ধাস্ত্র _9210991 |
||
| 650 |
_aWeapons _9210992 |
||
| 942 |
_2ddc _cBK |
||
| 999 |
_c71302 _d71302 |
||